From symbolism to structuralism, Levi-Strauss in a literary tradition (Record no. 6925)
[ view plain ]
| 000 -LEADER | |
|---|---|
| fixed length control field | 00676cam a2200217 4500 |
| 001 - CONTROL NUMBER | |
| control field | 8045 |
| 005 - DATE AND TIME OF LATEST TRANSACTION | |
| control field | 20181127184944.0 |
| 008 - FIXED-LENGTH DATA ELEMENTS--GENERAL INFORMATION | |
| fixed length control field | 730103s1972 nyu b 000 0 eng |
| 010 ## - LIBRARY OF CONGRESS CONTROL NUMBER | |
| LC control number | 72075621 |
| 020 ## - INTERNATIONAL STANDARD BOOK NUMBER | |
| International Standard Book Number | 0061360864 |
| 082 00 - DEWEY DECIMAL CLASSIFICATION NUMBER | |
| Classification number | 808.8/015 |
| 100 1# - MAIN ENTRY--PERSONAL NAME | |
| Personal name | Boon, James A. |
| 245 10 - TITLE STATEMENT | |
| Title | From symbolism to structuralism, Levi-Strauss in a literary tradition |
| Statement of responsibility, etc. | [by] James A. Boon. |
| 260 ## - PUBLICATION, DISTRIBUTION, ETC. | |
| Place of publication, distribution, etc. | New York, |
| Name of publisher, distributor, etc. | Harper & Row |
| Date of publication, distribution, etc. | [1972] |
| 300 ## - PHYSICAL DESCRIPTION | |
| Extent | xii, 250 p. |
| Dimensions | 23 cm. |
| 490 0# - SERIES STATEMENT | |
| Series statement | Explorations in interpretative sociology |
| 504 ## - BIBLIOGRAPHY, ETC. NOTE | |
| Bibliography, etc. note | Bibliography: p. [232]-245. |
| 600 10 - SUBJECT ADDED ENTRY--PERSONAL NAME | |
| Personal name | Levi-Strauss, Claude. |
| 650 #0 - SUBJECT ADDED ENTRY--TOPICAL TERM | |
| Topical term or geographic name entry element | Symbolism in literature. |
| Withdrawn status | Lost status | Source of classification or shelving scheme | Damaged status | Not for loan | Collection code | Home library | Current library | Shelving location | Serial Enumeration / chronology | Inventory number | Total Checkouts | Full call number | Barcode | Date last seen | Price effective from | Koha item type |
|---|---|---|---|---|---|---|---|---|---|---|---|---|---|---|---|---|
| Dewey Decimal Classification | Main TEST | RTC Library | RTC Library | Main opac | 12129 | 808.8 BOO | 30012726 | 27/11/2018 | 27/11/2018 | Main |